Normal view
MARC view
Entry Nombre de reunión
001 - NÚMERO DE CONTROL
- campo de control: 161098
003 - IDENTIFICADOR DEL NÚMERO DE CONTROL
- campo de control: OSt
005 - FECHA Y HORA DE LA ÚLTIMA TRANSACCIÓN
- campo de control: 20220127160649.0
008 - DATOS DE LONGITUD FIJA
- campo de control de longitud fija: 220127|| aca||aabn | a|a d
040 ## - FUENTE DE LA CATALOGACIÓN
- Centro catalogador/agencia de origen: OSt
- Centro/agencia transcriptor: OSt
111 ## - ENCABEZAMIENTO--NOMBRE DE CONGRESO/REUNIÓN
- Nombre de congreso/reunión o jurisdicción como elemento de entrada: Seminario Internacional de Transparencia Judicial (5 : 2014 sep. 1-3 : Ciudad de México)
670 ## - FUENTE DE DATOS ENCONTRADOS
- Cita de la fuente: Work cat.: (OSt)177413: Seminario Internacional de Transparencia Judicial (5 : 2014 sep. 1-3 : Ciudad de México), Perspectiva y desafíos de la reforma constitucional : memorias \ Seminario Judicial 2014 ; organizado por el Tribunal Electoral del Poder Judicial de la Federación, 1-3 de septiembre del 2014 en la Ciudad de México, 2015
